| 000 | 01468cam a22004094a 4500 | ||
|---|---|---|---|
| 001 | 7250268 | ||
| 003 | ARRUPE | ||
| 005 | 20140328144845.0 | ||
| 008 | 080919s2009 nyuab be 001 0 eng | ||
| 010 | _a 2008041256 | ||
| 020 | _a9780816071586 | ||
| 020 | _a0816071586 | ||
| 024 | _a40016929476 | ||
| 035 | _a(OCoLC)ocn166382606 | ||
| 035 | _a(NNC)7250268 | ||
| 035 | _a(OCoLC)166382606 | ||
| 040 |
_aDLC _cDLC _dBTCTA _dYDXCP _dBAKER _dUKM _dC#P |
||
| 043 |
_af------ _aaw----- |
||
| 050 | 0 | 0 |
_aREF GN645 _b.E53 2009 |
| 082 | 0 | 0 |
_a305.800956 _222 |
| 100 |
_aStokes, Jamie. _99630 |
||
| 245 | 0 | 0 |
_aEncyclopedia of the peoples of Africa and the Middle East / _cJamie Stokes, editor ; Anthony Gorman and Andrew Newman, historical consultants. |
| 260 |
_aNew York : _bFacts On File, _cc2009. |
||
| 300 |
_a2 v. (xvi, 852 p.) : _bill., maps ; _c29 cm. |
||
| 490 | 1 | _aFacts on File library of world history | |
| 504 | _aIncludes bibliographical references and index. | ||
| 505 | 0 | _av. 1. A to K -- v. 2. L to Z. | |
| 650 | 0 |
_aEthnology _zAfrica _vEncyclopedias. _99631 |
|
| 650 | 0 |
_aEthnology _zMiddle East _vEncyclopedias. _99632 |
|
| 651 | 0 |
_aAfrica _xSocial life and customs _vEncyclopedias. _99633 |
|
| 651 | 0 |
_aMiddle East _xSocial life and customs _vEncyclopedias. _99634 |
|
| 700 | 1 |
_aStokes, Jamie. _99635 |
|
| 830 | 0 |
_aFacts on File library of world history. _99636 |
|
| 942 |
_2lcc _cMONOGRAPH |
||
| 948 | 1 |
_a20090831 _bc _cink2 _dMPS |
|
| 999 |
_c120333 _d120333 |
||